| 000 | 00598nam a22002177a 4500 | ||
|---|---|---|---|
| 003 | UA-OsUOA | ||
| 001 | 120369 | ||
| 007 | ta | ||
| 008 | 20161226b un ||||| |||| 00| 0 ukr d | ||
| 100 | _aСмілянська В. | ||
| 090 |
_a82 _bС50 |
||
| 942 | _cSA | ||
| 040 |
_aUA-OsUOA _bukr _cUA-OsUOA _dUA-OsUOA |
||
| 245 | _aВоєнна проза Леоніда Смілянського: гримаси рецепції | ||
| 300 | _aС.71-86 | ||
| 955 | _a0 | ||
| 041 | _aukr | ||
| 080 | _a82 | ||
| 773 | 0 | _w120367 | |
| 650 | 7 |
_a82 Література. Літературознавство _2UDC |
|
| 999 |
_c406391 _d406391 |
||